Y học và đời sống Nhi khoa sau Đại học; T2

保存先:
書誌詳細
フォーマット: 図書
言語:Undetermined
出版事項: Đà Nẵng Nxb.ĐN 1997
主題:
タグ: タグ追加
タグなし, このレコードへの初めてのタグを付けませんか!
Thư viện lưu trữ: Trung tâm Học liệu Trường Đại học Cần Thơ
LEADER 00426nam a2200157Ia 4500
001 CTU_21985
008 210402s9999 xx 000 0 und d
082 |a 618.9 
082 |b B450/T2 
245 0 |a Y học và đời sống 
245 0 |b Nhi khoa sau Đại học; T2 
260 |a Đà Nẵng 
260 |b Nxb.ĐN 
260 |c 1997 
650 |a pediatrics 
980 |a Trung tâm Học liệu Trường Đại học Cần Thơ